000 00716nam a22002297a 4500
005 20170124105943.0
010 _aA-805961
020 _c00.00
_a8170247780
035 _aA-805961
037 _bCen Lib/Ret
040 _aDPL
_bEN
082 _a338.04
_bLAL
100 _aLalitha Rani, D.
_911626
245 _aWomen entrepreneurs /
_cby D. Lalitha Rani
260 _aNew Delhi
_bA. P. H. Publishing Corporation
_c1996
270 _bNew Delhi
_a5, Ansari Road, Darya Ganj
_e110002
300 _axvi, 392p.
_c22cm(Hb)
500 _aIncludes bibliographical references and index
650 _aSelf-employed women
_911627
650 _aEntrepreneurship
_986338
942 _2ddc
_cEN
_h338.04
_mLAL
999 _c124692
_d124692